Frankenstein Trivia - Statistics

General Stats
  • This quiz has been taken 185 times
  • The average score is 7 of 20
Answer Stats
Hint Answer % Correct
In what Swiss city does the story mostly take place? Geneva
86%
Who is the first person the monster kills? William
69%
What is the name of Victor's best friend, who is eventually killed by the monster? Henry Clerval
67%
Who says "I will be with you on your wedding night!"? The monster
57%
How old was Mary Shelley when she finished writing Frankenstein? 19
53%
Robert Walton was sailing to find what place that had been undiscovered at the time? North Pole
51%
What is the subtitle of the book Frankenstein? The Modern Prometheus
45%
What is the name of Shelley's husband? Percy
44%
In what country does Victor find his best friend's dead body? Ireland
43%
The monster learns to speak by observing which family? De Lacey
35%
Who is accused of killing this person, eventually leading to this character's death? Justine Moritz
32%
What is the name of Victor's soon-to-be wife, who is eventually killed by the monster? Elizabeth Lavenza
31%
What is the name of Felix's girlfriend? Safie
26%
What country is the above character's father from? Turkey
26%
Name either of Victor's professors that were mentioned at Ingolstadt. M. Krempe | M. Waldman
21%
To whom does Walton write during his voyage? Margaret Saville
12%
What was the name of Victor Frankenstein's mother? Caroline Beaufort
6%
Through what process does Victor ultimately bring his monster to life? (Hint: starts with G) Galvanization
4%
Atop what mountain does the monster request Victor to build him a companion? Montanvert
1%
Who eventually nurses Victor back to health after his best friend dies? Mr. Kirwin
1%
No matching quizzes found
Score Distribution
Percent of People with Each Score
Percentile by Number Answered
Your Score History
You have not taken this quiz